000 00635nam a2200181 a 4500
001 000018806
005 20200929165848.0
008 100519s1999 dr a 000 0 spa d
040 _aDO-SdBNP
_bspa
_cBNPHU
082 _a628.078
_bA347i
100 1 _aAlcántara De Soto, Argentina
_940551
245 1 0 _aIngeniería sanitaria I :
_bmanual de prácticas /
_cArgentina Alcántara De Soto.
260 _aSanto Domingo :
_bInstituto Tecnológico De Santo Domingo,
_c1999.
300 _a31 p. :
_bil. ;
_c27 cm.
504 _aIncluye bibliografías [p. 33]
650 4 _aIngeniería sanitaria
_vMANUALES DE LABORATORIO
_940552
049 _aBNPD
999 _c18326
_d18326